• 首页
  • 本馆介绍
  • 公告通知
  • 最新文献
  • 馆藏检索
  • 电子资源
  • 读者荐购
  • 参考咨询
  • CALIS
  • 我的图书馆
  • 登录
  • 详细信息显示
  • 放入我的书架
  • 预约/预借图书
  • 作者相关作品
  • 分类相关作品
  • 丛书相关作品
  • 出版社相关作品

书目信息

  • 表格格式
  • 工作单格式
  • 卡片格式
题名:
民革与新中国的建立
    
 
作者: ;民革中央宣传部 编
分册:  
出版信息: 北京   团结出版社  2019.09
页数: 340页
开本: 20cm
丛书名:
单 册:
中图分类: D665
科图分类:
主题词: 政治--中国
电子资源:
ISBN: 978-7-5126-7321-2
 
 
 
 
 
000 00615nam0 2200193 450
001 2658578044
005 20260326161741.58
010    @a978-7-5126-7321-2@dCNY88.00
100    @a20260326d2019 km y0chiy0120 ea
101 0  @achi
102    @aCN@b110000
200 1  @a民革与新中国的建立@AMin Ge Yu Xin Zhong Guo De Jian Li@f民革中央宣传部编@FMin Ge Zhong Yang Xuan Chuan Bu Bian
210    @a北京@c团结出版社@d2019.09
215    @a340页@d20cm
606 0  @a政治@x中国
690    @aD665@v4
711 02 @a民革中央宣传部@AMin Ge Zhong Yang Xuan Chuan Bu@4编
801  0 @aCN@b河南城建学院图书馆@c20260326
905    @dD665@eM770
    
    民革与新中国的建立/民革中央宣传部编.-北京:团结出版社,2019.09
    340页;20cm
    
    
    ISBN 978-7-5126-7321-2:CNY88.00
    
●
相关链接 在E读中查询图书 在当当中查询图书 在豆瓣中查询图书


正题名:民革与新中国的建立     索取号:D665/M770         预约/预借

序号 登录号 条形码 馆藏地/架位号 状态 备注
1 1496567   214965670   社科库509/401自科库 29排2列3层/ [索取号:D665/M770] 在馆    
河南城建学院图书馆 欢迎您!
大连网信软件有限公司© 版权所有